|
|
|
|
| LEADER |
00000nam0a2200000 4500 |
| 001 |
162189 |
| 005 |
20231031160241.0 |
| 035 |
|
|
|a (RuTPU)RU\TPU\book\175900
|
| 090 |
|
|
|a 162189
|
| 100 |
|
|
|a 20090618d1975 m y0rusy50 ca
|
| 101 |
0 |
|
|a rus
|
| 102 |
|
|
|a RU
|
| 105 |
|
|
|a a j 000zy
|
| 200 |
1 |
|
|a Задачник по машиностроительному черчению
|e учебное пособие для техникумов
|f С. К. Боголюбов
|
| 210 |
|
|
|a Москва
|c Высшая школа
|d 1975
|
| 215 |
|
|
|a 176 с.
|c ил.
|
| 610 |
1 |
|
|a машиностроительное черчение
|
| 610 |
1 |
|
|a задачи
|
| 610 |
1 |
|
|a учебные пособия
|
| 610 |
1 |
|
|a болты
|
| 610 |
1 |
|
|a резьба
|
| 610 |
1 |
|
|a шпильки
|
| 610 |
1 |
|
|a гайки
|
| 610 |
1 |
|
|a шплинты
|
| 610 |
1 |
|
|a штифты
|
| 610 |
1 |
|
|a шпонки
|
| 610 |
1 |
|
|a трубные соединения
|
| 675 |
|
|
|a 744(076)
|v 3
|
| 700 |
|
1 |
|a Боголюбов
|b С. К.
|g Сергей Константинович
|
| 801 |
|
1 |
|a RU
|b 63413507
|c 20090618
|g PSBO
|
| 801 |
|
2 |
|a RU
|b 63413507
|c 20220210
|g RCR
|
| 942 |
|
|
|c BK
|